| 000 | 00942cab a2200289 4500 | ||
|---|---|---|---|
| 001 | WB3113-19 | ||
| 008 | 090401t1995 xxu||||| |||| 00| 0 eng d | ||
| 035 | _a(Sirsi) u41090 | ||
| 041 | _aeng | ||
| 245 | _aNHS Trusts | ||
| 260 | _c1995 | ||
| 350 | _a0 | ||
| 490 |
_aIndependent _v30 March 1995, 20(1) |
||
| 520 | _aA guide to the Private Finance Initiative for NHS Trusts is published, confirming government plans that the health service should seek private sector finance for capital projects and accept tenders from private companies for services. | ||
| 650 | _aCAPITAL PROJECTS | ||
| 650 | _aDEPARMENT OF HEALTH | ||
| 650 | _aNATIONAL HEALTH SERVICE | ||
| 650 | _aNHS TRUSTS | ||
| 650 | _aPFI | ||
| 650 | _aPRIVATE FINANCE INITIATIVE | ||
| 650 | _aPRIVATE SECTOR FINANCE | ||
| 650 | _aPRIVATISATION | ||
| 650 | _aTENDERS | ||
| 690 | _aPROPERTY-PROPERTY FINANCE AND INVESTMENT | ||
| 942 | _n0 | ||
| 948 | _c04/03/1997 | ||
| 999 |
_c26376 _d26376 |
||